| 000 | 00753nam a2200253Ia 4500 | ||
|---|---|---|---|
| 003 | OSt | ||
| 005 | 20221006160525.0 | ||
| 006 | a|||||r|||| 00| 0 | ||
| 007 | ta | ||
| 008 | 221006b |||||||| |||| 00| 0 eng d | ||
| 024 | _a45,389 | ||
| 037 | _cSeries Articles | ||
| 040 |
_aEASL _cEASL _beng |
||
| 041 |
_2eng _aeng |
||
| 100 |
_aKowner Damian _9673993 |
||
| 245 | 0 | _aPassing the baton world war II's Asian theater and the coming of age of the aircraft carrier | |
| 260 |
_aAnn Arbor _bAssocation for Asian Studies,Inc. USA. _c2014 |
||
| 300 |
_a68-73pp. _ccm. |
||
| 490 | _v19 | ||
| 650 |
_a Carriers in the Asian theater _9673994 |
||
| 650 | _aAsian Studies | ||
| 942 |
_cREF _2CC |
||
| 999 |
_c1113481 _d1113481 |
||